000 00405nam a22001577a 4500
005 20180411143635.0
008 160523b xxu||||| |||| 00| 0 eng d
041 _aeng
082 _b4147
_a338.954
100 _aChoudhary/ Pramit
_91024
245 _aThe Indian Economy (Poverty and Development)
260 _aNew Delhi
_bAcademic Faundation
300 _a257
650 _aManagement
_9241
942 _cBK
999 _c1395
_d1395